| 000 | 003020000a22000970004500 | ||
|---|---|---|---|
| 100 | 1 | _aBarrick, W. Boyd (1946-) | |
| 245 | 1 | 0 | _aGenealogical notes on the house of David and the house of Zadok |
| 300 | _aNúm 96 (2001), Páginas 29-58 | ||
| 773 | 0 | _tJournal for the Study of the Old Testament | |
| 942 | _cANA | ||
| 999 |
_c55022 _d55022 |
||